|
|
|
|
| LEADER |
01144cam a2200361 i 4500 |
| 001 |
000046194 |
| 003 |
5647 |
| 005 |
20180110093344.0 |
| 008 |
010220b1997 vm 000 eng |
| 020 |
|
|
|a 0471121703
|
| 040 |
|
|
|a LRCC
|c LRCC
|d LRCC
|
| 041 |
0 |
|
|a eng
|
| 082 |
1 |
4 |
|a 621.4021
|b BO-C
|
| 100 |
1 |
|
|a Borgnakke, C.
|q (Claus)
|
| 245 |
0 |
0 |
|a Thermodynamic and transport properties /
|c C. (Claus) Borgnakke.
|
| 260 |
|
|
|a New York :
|b John Wiley and Sons,
|c 1997.
|
| 300 |
|
|
|a xi, 241p. :
|b ill.
|
| 630 |
0 |
4 |
|a Thermodynamics.
|
| 630 |
0 |
4 |
|a Mass transfer.
|
| 650 |
0 |
4 |
|a Thermodynamics
|x Tables.
|
| 650 |
0 |
4 |
|a Mass transfer
|x Tables.
|
| OWN |
|
|
|a DUT
|
| AVA |
|
|
|a UDN50
|b DUT
|c Book
|d 621.4021 BO-C
|e available
|t Error 5001 Not defined in file expand_doc_bib_avail.
|f 1
|g 0
|h N
|i 0
|j SH
|k 1
|
| 999 |
|
|
|a From the UDN01
|
| AVA |
|
|
|a UDN50
|b DUT
|c Book
|d 621.4021 BO-C
|e available
|t Error 5001 Not defined in file expand_doc_bib_avail.
|f 1
|g 0
|h N
|i 0
|j SH
|k 1
|
| TYP |
|
|
|a Monograph
|
| TYP |
|
|
|a Printed language
|
| 980 |
|
|
|a Mạng thư viện Đại học Đà Nẵng
|